| 000 | 007350000a22002410004500 | ||
|---|---|---|---|
| 003 | LK-CoMWRAF | ||
| 005 | 20230904004849.0 | ||
| 008 | 230817t1986 ||||| |||| 00| 0 eng d | ||
| 040 |
_aLK-CoMWRAF _dLK-CoMWRAF _eLK-CoMWRAF |
||
| 041 | _aeng | ||
| 082 |
_a340.59 _bSHA |
||
| 245 | _aShah Bano | ||
| 260 |
_bNew Delhi: _aRajiv Publications _c 1986. |
||
| 300 | _a202 p. ; 23 cm. | ||
| 650 | _aSHAH BANO-Trials, litigation | ||
| 650 | _aKhan, Mohd. Ahmed--Trials, litigation . | ||
| 650 | _aDesertion and non-support--India. | ||
| 650 | _aSupport (Domestic relations law, Islamic)--India | ||
| 650 | _aDivorce (Islamic law)--India. | ||
| 650 | _a Persons (Islamic law)--India. | ||
| 700 |
_aJai, Janak Raj _eed. |
||
| 942 | _cBK | ||
| 999 |
_c3194 _d3194 |
||